000
00312 a2200157 4500
001
150173
040
_c
Escola São Tomás de Aquino
100
_a
QUINTANA, Mário
240
1
0
_a
Só meu
_l
por
245
1
0
_a
Só meu
300
_a
37
362
0
_a
2007
440
1
_a
Global
697
_a
Poesia
942
_c
BK
999
_c
150173
_d
150173